Giáo trình văn học việt nam từ thế kỉ X đến giữa thế kỉ XVIII

Gespeichert in:
Bibliographische Detailangaben
1. Verfasser: Bùi Duy Tân
Format: Buch
Sprache:Vietnamese
Veröffentlicht: Huế [kxd] 1996
Schlagworte:
Tags: Tag hinzufügen
Keine Tags, Fügen Sie den ersten Tag hinzu!
Thư viện lưu trữ: Trung tâm Học liệu Lê Vũ Hùng, Trường Đại học Đồng Tháp
LEADER 00921pam a22002538a 4500
001 00025525
005 20171026081022.0
008 110806s1996 ||||||viesd
041 0 # |a vie 
082 1 4 |a 895.922 090 01  |b GI108 
100 0 # |a Bùi Duy Tân 
245 0 0 |a Giáo trình văn học việt nam  |b từ thế kỉ X đến giữa thế kỉ XVIII  |c Bùi Duy Tân 
260 # # |a Huế  |b [kxd]  |c 1996 
300 # # |a 156tr.  |c 21cm. 
500 # # |a Đầu bìa sách ghi: Bộ GD và ĐT. ĐH Huế.Trung tâm đào tạo từ xa 
653 # # |a giáo trình 
653 # # |a văn học việt nam 
653 # # |a văn học trung đại việt nam 
852 # # |b Kho giáo trình  |j KGT.0024341 
852 # # |b Kho mượn  |j KGT.0024341 
852 # # |j KGT.0024341 
910 |d 06/08/2011 
980 # # |a Trung tâm Học liệu Lê Vũ Hùng, Trường Đại học Đồng Tháp